000
00220 a2200097 4500
001
42994
100
_a
Sales bury janes
245
_a
So full a glory
260
_a
London
_b
Weidenfeld & Nicdson
_c
090
_c
26870
_d
26870
942
_a
NUST-CAE
_c
18747
_c
M
999
_c
278067
_d
278067